Akciové trhy krajín V4 ako predstihové indikátory reálnej ekonomiky diplomová práca

Guardado en:
Detalles Bibliográficos
Autor principal: Flesárová, Agnesa
Autor Corporativo: Podnikovohospodárska fakulta EU so sídlom v Košiciach. Katedra ekonómie
Otros Autores: Baumöhl, Eduard, 1982-
Formato: Libro
Lenguaje:eslovaco
Publicado: Košice 2011
Etiquetas: Agregar Etiqueta
Sin Etiquetas, Sea el primero en etiquetar este registro!

MARC

LEADER 00000nbm a2200000 4500
001 0130482
005 20240827091605.2
041 0 |a slo 
044 |a SK 
245 1 0 |a Akciové trhy krajín V4 ako predstihové indikátory reálnej ekonomiky  |b diplomová práca  |c Agnesa Flesárová ; školiteľ: Eduard Baumöhl 
264 1 |a Košice  |c 2011 
300 |a 60 s. 
100 1 |a Flesárová, Agnesa 
700 1 |a Baumöhl, Eduard, 1982- 
710 2 |a Podnikovohospodárska fakulta EU so sídlom v Košiciach. Katedra ekonómie